| 000 | 00985nam a22003257a 4500 | ||
|---|---|---|---|
| 003 | CHAP | ||
| 005 | 20220329140623.0 | ||
| 008 | 971013s1978 r 00010 d | ||
| 010 | _a54863 | ||
| 011 | _a55835 | ||
| 035 | _a59988 | ||
| 040 | _cCHAP | ||
| 082 |
_a620.02 _bW5 1978 |
||
| 100 | 0 | 0 |
_aWillis, Arthur J. _9122133 |
| 245 | _aElements of quantity surveying | ||
| 250 | _a7 ed. | ||
| 260 |
_aLondon : _bCrosby Lockwood Staples, _c1978 |
||
| 300 | _a254 p. | ||
| 490 | _aSeventh editon metric | ||
| 590 |
_aBATCH-UPD _b10 _c20130110 _lUCH01 _h0554 |
||
| 590 |
_aBATCH-UPD _b10 _c20130410 _lUCH01 _h0236 |
||
| 590 |
_aBATCH-UPD _b10 _c20130914 _lUCH01 _h1036 |
||
| 590 |
_aCONVERSION _b10 _c20130109 _lUCH01 _h1330 |
||
| 650 | 1 | 4 |
_aConstrucción _xCostos. _927384 |
| 700 | 0 |
_aWillis, Christopher J. _9122135 |
|
| 830 | 0 |
_aSeventh editon metric _9105393 |
|
| 901 | _aBK | ||
| 942 | _cLIBRO | ||
| 949 |
_a620.02 W5 1978 _bBC _cLIBRO _d33724000279659 _eLIBRO _h45421 _i59988 _si _t612.00 |
||
| 999 |
_c54863 _d54863 |
||